Gender : Problems and Policies (Record no. 55563)
[ view plain ]
| 000 -LEADER | |
|---|---|
| fixed length control field | 00488nam a2200169Ia 4500 |
| 001 - CONTROL NUMBER | |
| control field | 55634 |
| 008 - FIXED-LENGTH DATA ELEMENTS--GENERAL INFORMATION | |
| fixed length control field | 080101n ii |||gr||||Z||||||465 |
| 020 ## - INTERNATIONAL STANDARD BOOK NUMBER | |
| International Standard Book Number | 978-81-269-1060-1 |
| 082 ## - DEWEY DECIMAL CLASSIFICATION NUMBER | |
| Classification number | 305.3 |
| 100 ## - MAIN ENTRY--PERSONAL NAME | |
| Personal name | Gupta, |
| Relator term | K.R. |
| 245 #0 - TITLE STATEMENT | |
| Title | Gender : Problems and Policies |
| Statement of responsibility, etc. | K.R.Gupta . |
| Medium | Textual Documents |
| 260 ## - PUBLICATION, DISTRIBUTION, ETC. | |
| Place of publication, distribution, etc. | New Delhi: |
| Name of publisher, distributor, etc. | Atlantic Publishers & Distributors(P) Ltd. |
| 300 ## - PHYSICAL DESCRIPTION | |
| Extent | 272p: |
| Dimensions | 24cm. |
| 653 ## - INDEX TERM--UNCONTROLLED | |
| Uncontrolled term | Problems and Policies-Socialogy |
| 653 ## - INDEX TERM--UNCONTROLLED | |
| Uncontrolled term | Dept-Pol.Sc |
| 942 ## - ADDED ENTRY ELEMENTS (KOHA) | |
| Source of classification or shelving scheme | Dewey Decimal Classification |
| Koha item type | Books |
| Withdrawn status | Lost status | Damaged status | Not for loan | Collection | Home library | Current library | Shelving location | Date acquired | Source of acquisition | Coded location qualifier | Cost, normal purchase price | Total checkouts | Full call number | Barcode | Date last seen | Copy number | Price effective from | Koha item type | Public note |
|---|---|---|---|---|---|---|---|---|---|---|---|---|---|---|---|---|---|---|---|
| Dr. Suryya Kumar Bhuyan Library | Dr. Suryya Kumar Bhuyan Library | 01/01/2008 | PO | 00000 | 595.00 | 305.3 Gu 959 Ge | 1040/P.Sc | 14/01/2024 | 1 | 01/01/2008 | Books | PO |
